Zdaňovanie bytov od roku 1998
Legislatívne zmeny a úpravy od roku 1998 v hmotnoprávnych daňových zákonoch, ktoré upravujú zdaňovanie nehnuteľností v oblasti majetkových daní. Zavedenie zdaňovania bytov. Daňovník dane z bytov. Predmet dane z bytov. Oslobodenie bytov od dane z bytov. Základ dane. Sadzby dane zo stavieb. Vznik a zá...
Salvato in:
| Autore principale: | |
|---|---|
| Natura: | Capitolo di libro |
| Lingua: | slovacco |
| Soggetti: | |
| Tags: |
Nessun Tag, puoi essere il primo ad aggiungerne!!
|
MARC
| LEADER | 00000naa a2200000 4500 | ||
|---|---|---|---|
| 001 | r034028 | ||
| 005 | 20230919084159.9 | ||
| 041 | 0 | |a slo | |
| 044 | |a SK | ||
| 245 | 1 | 0 | |a Zdaňovanie bytov od roku 1998 |c Irena Bubeníková |
| 520 | |a Legislatívne zmeny a úpravy od roku 1998 v hmotnoprávnych daňových zákonoch, ktoré upravujú zdaňovanie nehnuteľností v oblasti majetkových daní. Zavedenie zdaňovania bytov. Daňovník dane z bytov. Predmet dane z bytov. Oslobodenie bytov od dane z bytov. Základ dane. Sadzby dane zo stavieb. Vznik a zánik daňovej povinnosti. Daňové priznanie. Vyrubovanie dane. | ||
| 610 | 2 | 0 | |a byty |
| 610 | 2 | 0 | |a zdaňovanie |
| 610 | 2 | 0 | |a dane z nehnuteľností |
| 610 | 2 | 0 | |a oslobodenie od daní |
| 610 | 2 | 0 | |a stavby |
| 610 | 2 | 0 | |a sadzby daňové |
| 610 | 2 | 0 | |a povinnosť daňová |
| 610 | 2 | 0 | |a priznania daňové |
| 610 | 2 | 0 | |a legislatíva |
| 610 | 2 | 0 | |a Slovensko |
| 610 | 2 | 0 | |a 1998 |
| 100 | 1 | |a Bubeníková, Irena | |